000 00700cam a2200169 4500
001 L136666
008 070214n2000 000 0 eng u
035 _a(Sirsi) u136666
041 0 _aeng
110 2 _aRoyal Institution of Chartered Surveyors
_bGeomatics Faculty
_94352
245 _aGeomatics
_binsight into the profession
260 _aLondon
_bRICS
_c2000
520 _aProvides a guide to different professions within the area of geomatics and includes case studies of both chartered land surveyors and a manager of geodesy, photogrammetry and remote sensing at the UK Hydrographic Office.
651 4 _aInternational
690 _aENVIRONMENTAL AND LAND CONSULTANCY-GEOMATICS
942 _n0
999 _c106468
_d106468